[Event "ch-NOR"]
[Site "Moss NOR"]
[Date "2006.07.13"]
[Round "7"]
[White "Hole,O"]
[Black "Sagafos,M"]
[Result "1-0"]
[WhiteElo "2346"]
[BlackElo "2331"]
[EventDate "2006.07.08"]

1. Nf3 Nf6 2. c4 g6 3. Nc3 Bg7 4. e4 d6 5. d4 O-O 6. Be2 e5 7. O-O Na6 8.
Be3 Ng4 9. Bg5 Qe8 10. dxe5 dxe5 11. h3 h6 12. Bd2 Nf6 13. Be3 Qe7 14. Nd5
Qd8 15. Qc1 Kh7 16. Rd1 Nxe4 17. c5 Bd7 18. Qc2 f5 19. Bxa6 bxa6 20. Nb4
Qc8 21. c6 Be8 22. Qc4 a5 23. Nd5 Bf7 24. Qb5 f4 25. Bc5 Rd8 26. Be7 Nd6
27. Qxa5 Nc4 28. Qc5 Rxd5 29. Rxd5 Bxd5 30. Qxd5 Nb6 31. Qe4 Qe6 32. Bc5
Rd8 33. Re1 Qd5 34. b4 Qxe4 35. Rxe4 Rd1+ 36. Kh2 Rd8 37. Re2 g5 38. Rd2
Rxd2 39. Nxd2 Kg6 40. Bxb6 axb6 41. f3 Kf5 42. a4 Ke6 43. Ne4 Kd5 44. b5
Bf8 45. h4 Kc4 46. hxg5 hxg5 47. Nf6 e4 48. fxe4 Be7 49. e5 Kb3 50. Nd5 Bd8
51. e6 Kxa4 52. Nxc7 f3 53. gxf3 Kb4 54. Nd5+ Kc5 55. e7 1-0

[Event "ch-NOR"]
[Site "Moss NOR"]
[Date "2006.07.13"]
[Round "7"]
[White "Ostenstad,B"]
[Black "Johannessen,LE"]
[Result "1/2-1/2"]
[WhiteElo "2480"]
[BlackElo "2555"]
[EventDate "2006.07.08"]

1. c4 e5 2. g3 Nf6 3. Bg2 d5 4. cxd5 Nxd5 5. Nc3 Nb6 6. Nf3 Nc6 7. O-O Be7
8. a3 O-O 9. b4 Be6 10. Rb1 f6 11. d3 a5 12. b5 Nd4 13. Nd2 Bd5 14. Nxd5
Nxd5 15. Bb2 a4 16. Bxd4 exd4 17. Qc2 Kh8 18. Nc4 Re8 19. Rbc1 Bf8 20. Qb2
Nc3 21. Rfe1 Rb8 22. e3 Qd7 23. b6 c6 24. e4 Bc5 25. f4 Qe7 26. e5 fxe5 27.
Rxe5 Qf8 28. Rce1 Rxe5 29. fxe5 Qe7 30. Rf1 Rf8 31. Rxf8+ Qxf8 32. Bxc6
bxc6 33. b7 Nb5 34. Na5 Qb8 35. Qa2 Qxe5 36. Nxc6 Qe3+ 37. Kg2 Bd6 38. Qd5
Qd2+ 39. Kh3 Qh6+ 40. Kg2 Qd2+ 41. Kh3 Qh6+ 1/2-1/2

[Event "ch-NOR"]
[Site "Moss NOR"]
[Date "2006.07.13"]
[Round "7"]
[White "Lie,K"]
[Black "Hammer,J"]
[Result "1-0"]
[WhiteElo "2536"]
[BlackElo "2325"]
[EventDate "2006.07.08"]

1. e4 e5 2. Bc4 Nf6 3. d3 Nc6 4. Nf3 Be7 5. O-O O-O 6. c3 d6 7. Re1 Na5 8.
Bb5 a6 9. Ba4 b5 10. Bc2 c5 11. Nbd2 Nc6 12. Nf1 Re8 13. a4 Bb7 14. Ng3 Qc7
15. Nf5 h6 16. N3h4 Bf8 17. Re3 Ne7 18. Rg3 Kh8 19. Qf3 Nxf5 20. Nxf5 Re6
21. Rh3 c4 22. dxc4 bxc4 23. Bg5 Nh7 24. Bd2 a5 25. Qe2 Rb8 26. Rd1 Ba6 27.
Bc1 Rg6 28. Ne3 Be7 29. Nd5 Qd7 30. f4 exf4 31. Nxf4 Rg5 32. e5 Qa7+ 33.
Be3 Qa8 34. exd6 Bf8 35. Bxh7 Kxh7 36. Ne6 Rd5 37. Bxh6 Rxd1+ 38. Qxd1 gxh6
39. Qc2+ Kg8 40. Rg3+ Kh8 41. Qf2 Bg7 42. Rxg7 Qe4 43. Rxf7 Qxe6 44. Qd4+
1-0

[Event "ch-NOR"]
[Site "Moss NOR"]
[Date "2006.07.13"]
[Round "7"]
[White "Dannevig,O"]
[Black "Sahl,Bj"]
[Result "0-1"]
[WhiteElo "2382"]
[BlackElo "2364"]
[EventDate "2006.07.08"]

1. e4 c5 2. Nf3 d6 3. d4 cxd4 4. Nxd4 Nf6 5. Nc3 a6 6. Be3 e5 7. Nb3 Be6 8.
Nd5 Nxd5 9. exd5 Bc8 10. f4 Nd7 11. Be2 Qh4+ 12. g3 Qd8 13. Qd2 Be7 14. h4
O-O 15. O-O-O a5 16. fxe5 a4 17. Nd4 Nxe5 18. a3 Ra5 19. Bb5 h6 20. Qb4 Ng4
21. Bd2 Ra8 22. Rde1 Nf6 23. Bxa4 Nxd5 24. Qb3 Bf6 25. Qxd5 Rxa4 26. Re4
Bd7 27. Rhe1 Qb6 28. Bb4 Rc8 29. c3 Ra6 30. Kb1 Rd8 31. Rf4 Re8 32. Rxe8+
Bxe8 33. Qf5 Qd8 34. Re4 Ra8 35. Qd5 Be5 36. Re3 Rb8 37. Rf3 Kh8 38. Ka2 h5
39. c4 Qd7 40. Nf5 Rd8 41. Bc3 f6 42. Bxe5 dxe5 43. Rd3 Kh7 44. Nd6 Qg4 45.
Qxb7 Bg6 46. Rd2 Rxd6 47. Rxd6 Qxc4+ 48. Ka1 Qc1+ 49. Ka2 Bb1+ 0-1

[Event "ch-NOR"]
[Site "Moss NOR"]
[Date "2006.07.13"]
[Round "7"]
[White "Gabrielsen,S"]
[Black "Elsness,F"]
[Result "1/2-1/2"]
[WhiteElo "2288"]
[BlackElo "2428"]
[EventDate "2006.07.08"]

1. e4 c5 2. Nf3 d6 3. d4 cxd4 4. Nxd4 Nf6 5. Nc3 a6 6. Be3 e6 7. f3 b5 8.
g4 Nfd7 9. Qd2 Nb6 10. a4 Nc4 11. Bxc4 bxc4 12. h4 Bb7 13. O-O-O Nd7 14.
Rhe1 Qa5 15. Kb1 Nc5 16. Ndb5 axb5 17. Bxc5 bxa4 18. Ba3 Be7 19. g5 Rd8 20.
f4 Qb6 21. f5 Rd7 22. Rf1 Bc6 23. f6 Bf8 24. Nd5 exd5 25. exd5 Bb5 26. Qc3
Rg8 27. Bb4 Ra7 28. Rde1+ Kd8 29. Rf4 gxf6 30. Qxf6+ Be7 31. Rxe7 Rxe7 32.
Bxd6 Qb7 33. Re4 Rge8 34. Rxe7 Rxe7 35. Bxe7+ Ke8 36. d6 a3 37. h5 Ba4 38.
Qc3 axb2 39. Qxb2 Qxb2+ 40. Kxb2 Bd7 41. Kc3 Bf5 42. Kxc4 Bxc2 43. Kd5 Kd7
44. Ke5 Bd1 45. g6 fxg6 46. h6 g5 47. Bxg5 1/2-1/2

[Event "ch-NOR"]
[Site "Moss NOR"]
[Date "2006.07.13"]
[Round "7"]
[White "Stokke,K"]
[Black "Hansen,TR"]
[Result "1/2-1/2"]
[WhiteElo "2303"]
[BlackElo "2319"]
[EventDate "2006.07.08"]

1. e4 c5 2. a3 g6 3. b4 Bg7 4. Nc3 d6 5. g3 Nc6 6. Rb1 Nf6 7. Bg2 cxb4 8.
axb4 Bg4 9. Nge2 Ne5 10. h3 Bf3 11. O-O Qd7 12. d3 Rc8 13. Bxf3 Nxf3+ 14.
Kg2 Nd4 15. Nxd4 Rxc3 16. Bb2 Rc8 17. c4 a6 18. Qb3 1/2-1/2

[Event "ch-NOR"]
[Site "Moss NOR"]
[Date "2006.07.13"]
[Round "7"]
[White "Madsen,D"]
[Black "Stubberud,O"]
[Result "1/2-1/2"]
[WhiteElo "2290"]
[BlackElo "2202"]
[EventDate "2006.07.08"]

1. Nf3 c5 2. c4 Nc6 3. d4 cxd4 4. Nxd4 Nf6 5. Nc3 e6 6. Ndb5 d6 7. Bf4 e5
8. Bg5 a6 9. Bxf6 gxf6 10. Na3 f5 11. e3 Be6 12. Qd2 Qa5 13. Nc2 Rd8 14.
Rd1 Bg7 15. a3 Ne7 16. Nb4 e4 17. Be2 O-O 18. O-O Qe5 19. Rfe1 Rfe8 20.
Nbd5 Bxd5 21. cxd5 Rc8 22. f4 Qf6 23. Rc1 Rc5 24. Red1 b5 25. Qc2 Rb8
1/2-1/2

[Event "ch-NOR"]
[Site "Moss NOR"]
[Date "2006.07.14"]
[Round "8"]
[White "Elsness,F"]
[Black "Ostenstad,B"]
[Result "0-1"]
[WhiteElo "2428"]
[BlackElo "2480"]
[EventDate "2006.07.08"]

1. d4 Nf6 2. c4 e6 3. Nc3 d5 4. cxd5 exd5 5. Bg5 Be7 6. e3 O-O 7. Bd3 c6 8.
Qc2 Nbd7 9. Nge2 Re8 10. O-O Nf8 11. f3 Be6 12. Rae1 Rc8 13. e4 dxe4 14.
fxe4 c5 15. e5 Ng4 16. Bxe7 Rxe7 17. Rf4 Ng6 18. Bxg6 hxg6 19. h3 Ne3 20.
Qd3 Nc4 21. Qf3 g5 22. Re4 Nd2 23. Qe3 Nxe4 24. Nxe4 Bf5 25. Nxc5 b6 26.
Ne4 Bxe4 27. Qxe4 Rd7 28. Rd1 Qe7 29. Ng3 Rcd8 30. Nf5 Qe6 31. Qg4 g6 32.
Nh6+ Kg7 33. Qxg5 f6 34. Qc1 Rxd4 35. Re1 f5 36. g4 f4 37. g5 Qxh3 38. Qc7+
R4d7 39. Qc6 Qg3+ 40. Kf1 Qh3+ 41. Qg2 Qxg2+ 42. Kxg2 Rd3 43. Kf2 Rg3 44.
e6 Re8 45. Rd1 Rxg5 46. Nf7 Rb5 47. b3 Rxe6 48. Rd7 Kf6 49. Nd6 Rd5 50.
Rf7+ Kg5 0-1

[Event "ch-NOR"]
[Site "Moss NOR"]
[Date "2006.07.14"]
[Round "8"]
[White "Gabrielsen,T"]
[Black "Lie,K"]
[Result "0-1"]
[WhiteElo "2235"]
[BlackElo "2536"]
[EventDate "2006.07.08"]

1. e4 g6 2. d4 Bg7 3. Nc3 d6 4. Nf3 a6 5. Be3 b5 6. a4 b4 7. Nd5 a5 8. c3
e6 9. Nf4 Nd7 10. cxb4 axb4 11. Bb5 Ngf6 12. Nd3 O-O 13. Nxb4 Nxe4 14. Nc6
Qe8 15. O-O f5 16. Nd2 Nef6 17. Nc4 Nd5 18. Bd2 f4 19. Nb4 Bb7 20. Na5 Rxa5
21. Nxd5 Rxb5 22. Nxc7 Rg5 23. Nxe8 Rxg2+ 24. Kh1 Rxf2+ 25. Kg1 Rg2+ 26.
Kh1 Rxd2+ 0-1

[Event "ch-NOR"]
[Site "Moss NOR"]
[Date "2006.07.14"]
[Round "8"]
[White "Sahl,Bj"]
[Black "Tallaksen,G"]
[Result "1-0"]
[WhiteElo "2364"]
[BlackElo "2356"]
[EventDate "2006.07.08"]

1. e4 e5 2. Nf3 Nc6 3. Bb5 a6 4. Ba4 Nf6 5. O-O Nxe4 6. Re1 Nc5 7. Bxc6
dxc6 8. d4 Ne6 9. Nxe5 Be7 10. c3 O-O 11. Be3 Bf6 12. Nd2 c5 13. Ne4 cxd4
14. cxd4 Bxe5 15. dxe5 Bd7 16. Qg4 Bc6 17. Rad1 Qe7 18. Nf6+ Kh8 19. Qh4
gxf6 20. exf6 Qe8 21. Bh6 Rg8 22. Bg7+ Rxg7 23. fxg7+ Kxg7 24. Rd3 h6 25.
Rh3 Qh8 26. Rxe6 fxe6 27. Qe7+ Kg6 28. Qxe6+ Kg7 29. Rg3+ Kf8 30. Rg6 1-0

[Event "ch-NOR"]
[Site "Moss NOR"]
[Date "2006.07.14"]
[Round "8"]
[White "Dannevig,O"]
[Black "Hansen,TR"]
[Result "1/2-1/2"]
[WhiteElo "2382"]
[BlackElo "2319"]
[EventDate "2006.07.08"]

1. e4 c5 2. Nf3 d6 3. d4 cxd4 4. Nxd4 Nf6 5. Nc3 a6 6. Be3 e5 7. Nb3 Be6 8.
Nd5 Nxd5 9. exd5 Bf5 10. Bd3 Bg6 11. O-O Be7 12. Bxg6 hxg6 13. Qd2 O-O 14.
c4 Nd7 15. Rac1 b6 16. Rc2 g5 17. f3 g6 18. Nc1 f5 19. b4 g4 20. fxg4 f4
21. Bf2 e4 22. Bd4 Bg5 23. h4 Bf6 24. Bxf6 Qxf6 25. g5 Qf5 26. Ne2 f3 27.
Nd4 Qg4 28. Ne6 Ne5 29. Qf2 Rf7 30. Qxb6 Qxh4 31. Qxd6 e3 32. gxf3 Nxf3+
33. Kg2 Ne1+ 34. Rxe1 Qxe1 35. Nf4 Rxf4 36. Qxg6+ Kh8 37. Qh6+ Kg8 38. Qg6+
Kh8 39. Qh6+ Kg8 1/2-1/2

[Event "ch-NOR"]
[Site "Moss NOR"]
[Date "2006.07.14"]
[Round "8"]
[White "Lie,Es"]
[Black "Hole,O"]
[Result "0-1"]
[WhiteElo "2357"]
[BlackElo "2346"]
[EventDate "2006.07.08"]

1. e4 c6 2. d4 d5 3. e5 Bf5 4. h4 h5 5. c4 e6 6. Nc3 Nd7 7. cxd5 cxd5 8.
Bg5 Qb6 9. Qd2 Rc8 10. Rc1 Ne7 11. a3 Nc6 12. Nge2 Be7 13. Bxe7 Nxe7 14.
Ng3 a6 15. Be2 Bg6 16. O-O Qd8 17. Qf4 Nc6 18. Rfd1 Na5 19. Bd3 Bxd3 20.
Rxd3 g6 21. Rf3 Qe7 22. Nce4 Rxc1+ 23. Qxc1 dxe4 24. Nxe4 Nc6 25. Nd6+ Kf8
26. Qg5 Qxg5 27. Rxf7+ Kg8 28. hxg5 Rh7 29. Rf4 b5 30. Kf1 Nb6 31. Ke2 Nd5
32. Rh4 Nce7 33. Rh1 Nf5 34. Nxf5 exf5 35. a4 bxa4 36. Kd3 Rc7 37. Ra1 Nb4+
38. Kd2 Rc2+ 39. Kd1 Rxb2 40. Rxa4 Kf7 41. Ra5 Ke6 42. f4 Rxg2 0-1

[Event "ch-NOR"]
[Site "Moss NOR"]
[Date "2006.07.14"]
[Round "8"]
[White "Agdestein,S"]
[Black "Gabrielsen,S"]
[Result "1/2-1/2"]
[WhiteElo "2575"]
[BlackElo "2288"]
[EventDate "2006.07.08"]

1. c4 Nf6 2. Nc3 c5 3. Nf3 e6 4. g3 b6 5. Bg2 Bb7 6. O-O Be7 7. d4 cxd4 8.
Qxd4 d6 9. b3 Nc6 10. Qf4 a6 11. Rd1 Qc7 12. Ba3 Rd8 13. Rd2 O-O 14. Rad1
Ne5 15. Nxe5 dxe5 16. Bxe7 exf4 17. Bxd8 Qe5 18. Bxb7 Qxc3 19. Be7 fxg3 20.
hxg3 h5 21. Bxf8 Kxf8 22. Bxa6 g5 23. Bb7 h4 24. gxh4 gxh4 25. e3 Qe5 26.
Rd4 Qg5+ 27. Kf1 h3 28. Ke2 e5 29. Rd8+ Kg7 30. Bh1 e4 31. b4 h2 32. R8d4
Qh5+ 33. Kd2 Ng4 34. Rf1 Qh3 35. Ke2 f5 36. f3 Nxe3 37. Rf2 Nc2 38. Rd2
Nxb4 39. fxe4 Qg4+ 1/2-1/2

[Event "ch-NOR"]
[Site "Moss NOR"]
[Date "2006.07.14"]
[Round "8"]
[White "Stubberud,O"]
[Black "Stokke,K"]
[Result "1/2-1/2"]
[WhiteElo "2202"]
[BlackElo "2303"]
[EventDate "2006.07.08"]

1. e4 c6 2. d4 d5 3. Nc3 dxe4 4. Nxe4 Nd7 5. Nf3 Ngf6 6. Nxf6+ Nxf6 7. Be2
Bf5 8. O-O h6 9. c4 e6 10. Be3 Bd6 11. Qb3 Qe7 12. Rac1 O-O 13. Rfd1 Rfd8
14. h3 Rac8 15. Bd3 Bxd3 16. Rxd3 b6 17. Rcd1 Qb7 18. Qc2 Be7 19. b3 Qb8
1/2-1/2

[Event "ch-NOR"]
[Site "Moss NOR"]
[Date "2006.07.14"]
[Round "8"]
[White "Sagafos,M"]
[Black "Jansson,J"]
[Result "1-0"]
[WhiteElo "2331"]
[BlackElo "2300"]
[EventDate "2006.07.08"]

1. e4 c5 2. Nf3 d6 3. d4 cxd4 4. Nxd4 Nf6 5. Nc3 a6 6. Be3 e5 7. Nf3 Qa5 8.
Nd2 Be6 9. Bc4 b5 10. Nb3 Qc7 11. Bd5 Nxd5 12. Nxd5 Bxd5 13. Qxd5 Qc6 14.
a4 bxa4 15. Na5 Qxd5 16. exd5 Be7 17. O-O Bd8 18. Nc4 Bc7 19. Rxa4 Ke7 20.
Rfa1 Nd7 21. Rxa6 Rab8 22. Rc6 Rb7 23. Ra7 Rhb8 1-0

[Event "ch-NOR"]
[Site "Moss NOR"]
[Date "2006.07.14"]
[Round "8"]
[White "Hammer,J"]
[Black "Madsen,D"]
[Result "1-0"]
[WhiteElo "2325"]
[BlackElo "2290"]
[EventDate "2006.07.08"]

1. e4 Nf6 2. e5 Nd5 3. d4 d6 4. c4 Nb6 5. exd6 exd6 6. Nc3 Be7 7. Bd3 Nc6
8. Nge2 O-O 9. h3 Re8 10. O-O Nb4 11. Bb1 a5 12. a3 Nc6 13. a4 Nb4 14. b3
c6 15. Ng3 Bf8 16. Na2 Nxa2 17. Rxa2 d5 18. c5 Nd7 19. Re1 Rxe1+ 20. Qxe1
b6 21. cxb6 Qxb6 22. Qc3 Rb8 23. Bc2 Nf6 24. Bg5 Ne8 25. Ra1 g6 26. h4 Be6
27. Ne2 Nc7 28. Qg3 Bg7 29. Rd1 Na6 30. Nf4 Re8 31. h5 Nb4 32. Bb1 Bxd4 33.
hxg6 hxg6 34. Qh4 Bxf2+ 35. Qxf2 Qxf2+ 36. Kxf2 Bg4 37. Re1 Rxe1 38. Kxe1
Kg7 39. Bd8 1-0

[Event "ch-NOR"]
[Site "Moss NOR"]
[Date "2006.07.15"]
[Round "9"]
[White "Tallaksen,G"]
[Black "Sagafos,M"]
[Result "1-0"]
[WhiteElo "2356"]
[BlackElo "2331"]
[EventDate "2006.07.08"]

1. d4 Nf6 2. c4 g6 3. Nc3 Bg7 4. e4 d6 5. Nf3 O-O 6. Be2 e5 7. O-O Nc6 8.
d5 Ne7 9. Ne1 Nd7 10. Be3 f5 11. f3 f4 12. Bf2 g5 13. Rc1 Rf6 14. Nd3 Rh6
15. Re1 Nf6 16. c5 Qe8 17. h3 Qh5 18. Bf1 Rg6 19. cxd6 g4 20. Nxe5 Qxe5 21.
Bd4 Qh5 22. e5 gxh3 23. dxe7 hxg2 24. Bxg2 Rxg2+ 25. Kxg2 Bh3+ 26. Kf2 Ng4+
27. Ke2 Nh2 28. Ne4 Nxf3 29. Kd3 Nxe1+ 30. Qxe1 Qf3+ 31. Kd2 Bf5 32. Rc3
Qxe4 33. Qxe4 Bxe4 34. Rxc7 Bxd5 35. Rd7 Re8 36. Rxd5 Rxe7 37. Ke2 Kf7 38.
Kf3 Ke6 39. Ke4 f3 40. Rd6+ Kf7 41. Rd5 b6 42. Kxf3 Kg6 43. Ke4 h5 44. Rd6+
Kh7 45. e6 Bf8 46. Bf6 Re8 47. e7 1-0

[Event "ch-NOR"]
[Site "Moss NOR"]
[Date "2006.07.15"]
[Round "9"]
[White "Johannessen,LE"]
[Black "Djurhuus,R"]
[Result "1-0"]
[WhiteElo "2555"]
[BlackElo "2462"]
[EventDate "2006.07.08"]

1. d4 Nf6 2. Nf3 g6 3. c4 c5 4. Nc3 cxd4 5. Nxd4 d6 6. g3 Nc6 7. Bg2 Bd7 8.
O-O Bg7 9. e3 O-O 10. b3 Qc8 11. Re1 Rb8 12. Bb2 Bh3 13. Bh1 Re8 14. Rc1
Qd7 15. Qd2 a6 16. Nde2 Ne5 17. f3 g5 18. Nd4 Ng6 19. e4 h6 20. Nd1 e5 21.
Nc2 b5 22. Nce3 bxc4 23. bxc4 Qa7 24. Nf2 Be6 25. Ba3 Bf8 26. Red1 Red8 27.
Nd3 a5 28. Qf2 Rdc8 29. Nd5 Qxf2+ 30. Kxf2 Nxd5 31. cxd5 Bd7 32. Bg2 Ba4
33. Bh3 Rc2+ 34. Rxc2 Bxc2 35. Rd2 Bb1 36. Nc1 Be7 37. Ne2 g4 38. Bxg4 Bg5
39. Bxd6 Rb7 40. f4 exf4 41. gxf4 Bh4+ 42. Ke3 a4 43. Nc3 Be1 44. Nxb1 Rxb1
45. Rd1 1-0

[Event "ch-NOR"]
[Site "Moss NOR"]
[Date "2006.07.15"]
[Round "9"]
[White "Hole,O"]
[Black "Agdestein,S"]
[Result "0-1"]
[WhiteElo "2346"]
[BlackElo "2575"]
[EventDate "2006.07.08"]

1. Nf3 d5 2. d4 Nc6 3. c4 Bg4 4. Nc3 e6 5. Bg5 Be7 6. Bxe7 Ngxe7 7. e3 O-O
8. Be2 dxc4 9. Bxc4 Nd5 10. Rc1 Nxc3 11. Rxc3 e5 12. dxe5 Nxe5 13. Be2 Bxf3
14. Bxf3 c6 15. Be2 Qh4 16. O-O Rad8 17. Qc2 Rd6 18. Rd1 Rfd8 19. g3 Rxd1+
20. Bxd1 Qh3 21. f4 Ng4 22. Bf3 h5 23. e4 g6 24. Bxg4 Qxg4 25. Rd3 Re8 26.
e5 h4 27. Qd1 Qf5 28. Rd8 Rxd8 29. Qxd8+ Kg7 30. Qd4 Qb1+ 31. Kg2 Qc2+ 32.
Kh3 c5 33. Qd7 hxg3 34. hxg3 Qe4 35. Qd1 b5 36. a3 a5 37. Kh2 b4 38. axb4
axb4 39. Qd6 Qc2+ 40. Kg1 Qb1+ 41. Kg2 Qxb2+ 42. Kh3 Qd4 43. Qf6+ Kg8 44.
f5 gxf5 45. Qg5+ Kf8 46. Qh6+ Ke8 47. Qc6+ Qd7 48. Qxc5 Qb7 49. Kh2 b3 50.
e6 fxe6 51. Qe5 Qd5 52. Qc3 Kd7 53. Qb4 Kc6 54. Qa4+ Kc5 55. Qa3+ Kb5 56.
Qb2 Kb4 57. Qc1 Qe4 58. Qd2+ Kc4 59. Qa5 b2 0-1

[Event "ch-NOR"]
[Site "Moss NOR"]
[Date "2006.07.15"]
[Round "9"]
[White "Hansen,TR"]
[Black "Elsness,F"]
[Result "1-0"]
[WhiteElo "2319"]
[BlackElo "2428"]
[EventDate "2006.07.08"]

1. e4 c5 2. Nf3 d6 3. d4 cxd4 4. Nxd4 Nf6 5. Nc3 a6 6. Be3 e6 7. g4 h6 8.
f4 Nc6 9. Nb3 b5 10. Bg2 e5 11. f5 Bb7 12. Qe2 Na5 13. O-O-O Rc8 14. Kb1
Nc4 15. Bc1 Na3+ 16. bxa3 Rxc3 17. Bb2 Rc4 18. Bxe5 Nxe4 19. Rhe1 Qc7 20.
Bd4 d5 21. Bxe4 dxe4 22. f6 Rg8 23. Qd2 Bxa3 24. Bb6 1-0

[Event "ch-NOR"]
[Site "Moss NOR"]
[Date "2006.07.15"]
[Round "9"]
[White "Lie,K"]
[Black "Gabrielsen,S"]
[Result "1-0"]
[WhiteElo "2536"]
[BlackElo "2288"]
[EventDate "2006.07.08"]

1. e4 c5 2. Nf3 Nc6 3. d4 cxd4 4. Nxd4 Nf6 5. Nc3 e5 6. Ndb5 d6 7. Bg5 a6
8. Na3 b5 9. Bxf6 gxf6 10. Nd5 f5 11. Bd3 Be6 12. Qh5 Rg8 13. g3 Nd4 14. c3
fxe4 15. Bxe4 Bg4 16. Qxh7 Rg7 17. Qh6 Nf3+ 18. Ke2 Ng5+ 19. f3 Nxe4 20.
fxg4 Qc8 21. Qe3 Qxg4+ 22. Qf3 Qxf3+ 23. Kxf3 f5 24. Nc2 Kf7 25. Nce3 Ke6
26. Nxf5 Kxf5 27. Ne3+ Ke6 28. Kxe4 d5+ 29. Nxd5 Bc5 30. Ne3 Rh8 31. a4 b4
32. cxb4 Bxe3 33. Kxe3 Rb7 34. b5 axb5 35. a5 Rd7 36. Rhd1 Rxd1 37. Rxd1
Rxh2 38. a6 Rh3 39. Kf3 Rh7 40. Ra1 Ra7 41. Ke4 1-0

[Event "ch-NOR"]
[Site "Moss NOR"]
[Date "2006.07.15"]
[Round "9"]
[White "Bae,T"]
[Black "Sahl,Bj"]
[Result "1/2-1/2"]
[WhiteElo "2284"]
[BlackElo "2364"]
[EventDate "2006.07.08"]

1. e4 c5 2. Nf3 d6 3. d4 cxd4 4. Nxd4 Nf6 5. Nc3 a6 6. Be3 e5 7. Nf3 Qc7 8.
Nd5 Nxd5 9. Qxd5 Be6 10. Qd2 h6 11. c4 a5 12. Qd1 Nd7 13. Be2 Nc5 14. Nd2
Be7 15. f3 Bh4+ 16. g3 Bg5 17. Bf2 Bh3 18. Bf1 Bxd2+ 19. Qxd2 Bxf1 20. Kxf1
Ne6 21. Kg2 O-O 22. Qd5 Ra6 23. Rhd1 Rfa8 24. Rac1 Rc6 25. Be3 a4 26. Kh1
Ra5 27. Ra1 1/2-1/2

[Event "ch-NOR"]
[Site "Moss NOR"]
[Date "2006.07.15"]
[Round "9"]
[White "Stokke,K"]
[Black "Lie,Es"]
[Result "1/2-1/2"]
[WhiteElo "2303"]
[BlackElo "2357"]
[EventDate "2006.07.08"]

1. e4 e5 2. Nf3 Nc6 3. Bb5 a6 4. Ba4 Nf6 5. O-O Be7 6. Re1 b5 7. Bb3 d6 8.
c3 O-O 9. h3 Nd7 10. d4 Bf6 11. a4 Bb7 12. Na3 exd4 13. cxd4 Na5 14. Ba2 b4
15. Nc4 1/2-1/2

[Event "ch-NOR"]
[Site "Moss NOR"]
[Date "2006.07.15"]
[Round "9"]
[White "Jansson,J"]
[Black "Gabrielsen,T"]
[Result "0-1"]
[WhiteElo "2300"]
[BlackElo "2235"]
[EventDate "2006.07.08"]

1. e4 c5 2. Nc3 Nc6 3. f4 g6 4. Nf3 Bg7 5. Bc4 e6 6. f5 Nge7 7. fxe6 fxe6
8. a4 d5 9. Ba2 Nb4 10. Bb1 O-O 11. d3 Nec6 12. O-O Nd4 13. Nxd4 cxd4 14.
Rxf8+ Qxf8 15. Ne2 dxe4 16. dxe4 e5 17. c3 Nc6 18. Ba2+ Kh8 19. cxd4 exd4
20. Nf4 Qe7 21. Qb3 Bf5 22. Bd2 Qxe4 23. Re1 Qc2 24. Qxb7 Rf8 25. Bc1 d3
26. Rf1 Nd4 27. Be3 d2 0-1

[Event "ch-NOR"]
[Site "Moss NOR"]
[Date "2006.07.15"]
[Round "9"]
[White "Madsen,D"]
[Black "Dannevig,O"]
[Result "1/2-1/2"]
[WhiteElo "2290"]
[BlackElo "2382"]
[EventDate "2006.07.08"]

1. Nf3 c5 2. c4 Nf6 3. Nc3 e6 4. g3 b6 5. Bg2 Bb7 6. O-O a6 7. d4 cxd4 8.
Qxd4 d6 9. Bg5 Nbd7 10. Rfd1 Qc7 11. Rac1 Be7 12. Qd2 Rd8 13. Bf4 Ne5 14.
b3 Nxf3+ 15. Bxf3 Bxf3 16. exf3 Qb7 17. Qe2 O-O 18. Ne4 Ne8 19. Nc3 Rd7 20.
Rc2 Nf6 21. Ne4 d5 22. Nxf6+ Bxf6 23. cxd5 exd5 24. Rdc1 Rfd8 25. Rc7 Qa8
26. Be5 Bxe5 27. Qxe5 g6 28. Qd4 Qb8 29. Rxd7 Rxd7 30. Rc6 Rd6 31. Qe5 Rd8
32. Qxb8 Rxb8 33. Rd6 Kf8 34. Kg2 1/2-1/2